W bigosie - Statystyki

Ogólne statystyki
  • Ten quiz został rozwiązany 25 razy
  • Średni wynik to 3 z 7
Statystyki odpowiedzi
Hint Odpowiedź % Poprawnych
6. Kapusta
100%
1. Kiełbasa
88%
3. Liść laurowy
29%
5. Śliwki
25%
4. Ziele angielskie
25%
7. Kapusta Kiszona
8%
2. Koncert pomidory
0%
Nie znaleziono quizów pasujących do podanych kryteriów
Rozkład punktacji
Procent ludzi z każdym wynikiem
Percentyl według liczby udzielonych odpowiedzi
Twoja historia wyników
Nie rozwiązałeś tego quizu